Normal view
MARC view
Entry Personal Name
001 - CONTROL NUMBER
- control field: 1069125
003 - CONTROL NUMBER IDENTIFIER
- control field:
005 - DATE AND TIME OF LATEST TRANSACTION
- control field: 20210627164538.0
008 - FIXED-LENGTH DATA ELEMENTS
- fixed length control field: 210627|| aca||aabn | a|a d
040 ## - CATALOGING SOURCE
- Original cataloging agency:
- Transcribing agency:
100 ## - HEADING--PERSONAL NAME
- Personal name: Say, M. G.
- Fuller form of name: (Maurice George),
- Dates associated with a name: 1902-
670 ## - SOURCE DATA FOUND
- Source citation: Work cat.: ()1045756: Say, M. G. (Maurice George), 1902-, The performance and design of alternating current machines :, 1983
